| 000 | 004730000a22001930004500 | ||
|---|---|---|---|
| 001 | 002919 | ||
| 003 | MACL | ||
| 005 | 20150729164228.0 | ||
| 008 | 150729b xxu||||| |||| 00| 0 eng d | ||
| 040 |
_aMACL _cMACL |
||
| 041 | _aEnglish | ||
| 082 | _a333.03/CLE | ||
| 100 |
_aCleaveland, Cutler.J _93311 |
||
| 245 |
_aDictionary Of energy _cCutler.J Cleaveland |
||
| 260 |
_aDelhi _c2006 _bElsevier, |
||
| 350 | _a1750 | ||
| 650 |
_aEconomics _93312 |
||
| 942 |
_k333 _cBK _2ddc |
||
| 999 |
_c14826 _d14826 |
||